000 00459nam a2200145Ia 4500
008 100204s9999 xx 000 0 und d
082 _b7114
100 _aजोगळेकर योगिनी
245 _aझुंजुमुंजु
260 _b"उदयदीप प्रकाशन , मुंबई"
_c1985
300 _a118
630 _aझुंजुमुंजु
730 _aझुंजुमुंजु
942 _cBOOK
999 _c451551
_d451548